Little White Lies- One Direction (All Lyrics) - Statistics

General Stats
  • This quiz has been taken 71 times
  • The average score is 293 of 345
Answer Stats
Answers % Correct
I
100%
lies
100%
little
100%
white
100%
You
100%
you
100%
a
98%
all
98%
me
98%
my
98%
with
98%
your
98%
Your
98%
been
96%
cause
96%
Cause
96%
know
96%
you've
96%
mind
93%
No
93%
to
93%
But
91%
but
91%
do
91%
If
91%
if
91%
it
91%
taking
91%
the
91%
this
91%
would
91%
don't
89%
say
89%
was
89%
you're
89%
burning
87%
even
87%
notice
87%
and
84%
it's
84%
It's
84%
room
84%
wouldn't
84%
can
82%
up
82%
what
82%
when
82%
girl
80%
good
80%
tell
80%
night
78%
then
78%
They
78%
truth
78%
getting
76%
late
76%
like
73%
touching
73%
can't
71%
keep
71%
playing
71%
That
71%
games
69%
hands
69%
just
69%
stay
69%
we
69%
only
67%
want
67%
in
64%
they're
64%
about
62%
eyes
62%
I'm
62%
so
62%
things
60%
concentrate
58%
saying
58%
thinking
58%
telling
56%
away
51%
Everything
51%
fades
51%
else
49%
of
49%
attached
47%
Let's
47%
We're
47%
lips
44%
Now
44%
that's
44%
too
44%
cab
40%
pretending
40%
came
36%
feel
36%
I've
36%
long
36%
stop
36%
tonight
36%
Back
33%
waiting
33%
break
31%
seat
31%
them
31%
watch
31%
make
29%
rules
27%
wanna
27%
we'll
27%
some
24%
cool
20%
No matching quizzes found
Score Distribution
Percent of People with Each Score
Percentile by Number Answered
Your Score History
You have not taken this quiz